000 00867nam a2200265 i 4500
003 DO-SdBNP
005 20240710123701.0
007 ta
008 100305s1983 dr a 000 0 spa d
040 _aDO-SdBNP
_bspa
_cBNPHU
_erda
082 _bM385n
_222
100 1 _aMartínez Almanzar, Juan Francisco
_d1950 -
_910459
245 1 0 _aNociones de historia patria /
_cJuan Francisco Martínez Almánzar
250 _a3a. edición
264 1 _aSanto Domingo :
_b[editor no identificado],
_c1983.
300 _a244 páginas
_bilustraciones
_c21 cm.
336 _2rdacontent
_atexto
_btxt
337 _2rdamedia
_asin mediación
_bn
338 _2rdacarrier
_avolumen
_bnc
500 _aIncluye datos biográficos del autor en la contraportada.
504 _aBibliografía p: 239-240
590 _aInventariado, 2023/ YL
910 _aYLockward
942 _2ddc
_cLBS1
999 _c54773
_d54773